Singes de fiction en images - Statistiques

Statistiques générales
  • Ce quiz a été pris 533 fois
  • Le résultat moyen est 6 sur 20
Statistiques - réponses
Par images Réponse % Correct
King Kong
94%
Donkey Kong
89%
Babouche
81%
Rafiki
60%
Coco
59%
Abu
54%
Roi Louie
45%
Ouistempo
24%
Johnny
23%
Jack
20%
Winston
19%
Mojo Jojo
18%
Pogo
10%
Capitaine Gutt
7%
Dexter
7%
Gorilla Grodd
7%
Zéphir
7%
Edouard
4%
M. Teeny
2%
Agent 9
1%
Aucun quiz correspondant
Distribution des résultats
% des personnes avec chaque résultat
Percentile par nombre de réponses
Votre historique - résultats
Vous n’avez pas pris ce quiz